| 000 | 00477nam a2200181Ia 4500 | ||
|---|---|---|---|
| 003 | IN-BaIIA | ||
| 008 | 211028s9999 xx 000 0 eng d | ||
| 020 | _a471-76615-1 | ||
| 040 | _cIIA Library | ||
| 080 |
_a621.791 _bSCH |
||
| 100 |
_aSchwartz, M. M _97341 |
||
| 245 | 0 |
_aModern metal joining techniques _cMel M. Schwartz |
|
| 260 |
_aNew York _bJohn Wiley & Sons _c1969 |
||
| 300 | _axi, 479p. | ||
| 650 | _aNASA thesaurus | ||
| 650 |
_aWorks practice _97342 |
||
| 942 | _cBK | ||
| 999 |
_c4174 _d4174 |
||